[Event "XXV Weekend A"]
[Site "Robecchetto con Induno ITA"]
[Date "2014.12.28"]
[Round "4"]
[White "Conta, Diego"]
[Black "Puricelli, Giancarlo"]
[WhiteElo "1654"]
[BlackElo "1698"]
[Result "1-0"]
[PlyCount "115"]
[EventDate "2014.12.26"]

1. e4 b6 2. b3 Bb7 3. Nc3 e6 4. d4 Nf6 5. Bd3 Bb4 6. Nge2 d5 7. e5 Ne4 8. Bxe4
dxe4 9. O-O O-O 10. a3 Be7 11. Ng3 f5 12. exf6 Bxf6 13. Nce2 c5 14. c3 Ba6 15.
Nxe4 Bxe2 16. Nxf6+ Qxf6 17. Qxe2 cxd4 18. cxd4 Nc6 19. Bb2 Nxd4 20. Bxd4 Qxd4
21. Qxe6+ Kh8 22. Rad1 Qc5 23. b4 Qc2 24. Rde1 Qc3 25. Qe3 Qc6 26. Rc1 Qf6 27.
Rc7 Rae8 28. Qg3 Re7 29. Rxe7 Qxe7 30. h3 h6 31. Rc1 Qf6 32. Rc7 Rf7 33. Rxa7
Rxa7 34. Qb8+ Kh7 35. Qxa7 Qa1+ 36. Kh2 Qe5+ 37. g3 Qf6 38. Kg2 Qc6+ 39. Kg1
Qe6 40. Qb7 h5 41. Kg2 Kh6 42. a4 Qd6 43. b5 g6 44. Qc6 Qd4 45. Qc1+ Kg7 46.
Qc7+ Kg8 47. Qf4 Qd5+ 48. Qf3 Qd4 49. Qa8+ Kg7 50. a5 bxa5 51. Qxa5 Qe4+ 52.
Kh2 h4 53. Qc7+ Kg8 54. b6 Qf3 55. Qf4 hxg3+ 56. Qxg3 Qf7 57. Qb8+ Kh7 58. Qc7
1-0

[Event "XXV Weekend A"]
[Site "Robecchetto con Induno ITA"]
[Date "2014.12.28"]
[Round "4"]
[White "D'Aulisa, Francesco"]
[Black "Raselli, Claudio"]
[WhiteElo "1767"]
[BlackElo "1836"]
[Result "0-1"]
[PlyCount "64"]
[EventDate "2014.12.26"]

1. e4 c5 2. Nf3 e6 3. g3 Nc6 4. c3 Nf6 5. d3 d6 6. Bg2 Be7 7. Na3 O-O 8. O-O
Rb8 9. Nc2 b5 10. Re1 b4 11. d4 bxc3 12. bxc3 cxd4 13. cxd4 d5 14. Bf4 Rb6 15.
Ne5 Nxe4 16. Bxe4 dxe4 17. Rxe4 Nxe5 18. Bxe5 Bb7 19. Re1 Qd5 20. f3 Qxf3 21.
Qxf3 Bxf3 22. Rab1 Rc8 23. Rxb6 axb6 24. Na1 Bd5 25. Rb1 Bxa2 26. Rxb6 Rc1+ 27.
Kf2 f6 28. Bf4 Rxa1 29. Ra6 Bb4 30. Ra8+ Kf7 31. Ra7+ Kg6 32. g4 e5 0-1

[Event "XXV Weekend A"]
[Site "Robecchetto con Induno ITA"]
[Date "2014.12.28"]
[Round "4"]
[White "Moroni, Luca"]
[Black "Ongaro, Andrea"]
[WhiteElo "1868"]
[BlackElo "1717"]
[Result "1/2-1/2"]
[PlyCount "45"]
[EventDate "2014.12.26"]

1. Nf3 Nf6 2. d4 d5 3. Bf4 e6 4. e3 Bd6 5. Bxd6 Qxd6 6. c3 Nc6 7. Bd3 e5 8.
dxe5 Nxe5 9. Be2 O-O 10. Nbd2 Bf5 11. Nxe5 Qxe5 12. Nf3 Qe7 13. O-O Rfe8 14.
Qa4 a6 15. Rfe1 Rad8 16. Rad1 c6 17. a3 Ne4 18. Nd4 Qg5 19. Nxf5 Qxf5 20. Bf3
Ng5 21. Bg4 Qf6 22. Qd4 Qg6 23. Qf4 1/2-1/2

[Event "XXV Weekend A"]
[Site "Robecchetto con Induno ITA"]
[Date "2014.12.28"]
[Round "4"]
[White "Prete, Alessandro"]
[Black "Bergero, Simone"]
[WhiteElo "1752"]
[BlackElo "1745"]
[Result "1-0"]
[PlyCount "33"]
[EventDate "2014.12.26"]

1. d4 d6 2. Nf3 f5 3. c4 Nf6 4. Nc3 g6 5. Bf4 Bg7 6. h3 O-O 7. e3 Nbd7 8. Be2
Kh8 9. g4 fxg4 10. hxg4 Nxg4 11. Ng5 e5 12. Rxh7+ Kg8 13. Rxg7+ Kh8 14. Bxg4
Nf6 15. Bxc8 Qxc8 16. Rxg6 exf4 17. Qd3 1-0

[Event "XXV Weekend A"]
[Site "Robecchetto con Induno ITA"]
[Date "2014.12.28"]
[Round "4"]
[White "Primerano, Carlo"]
[Black "Paniga, Danilo"]
[WhiteElo "1719"]
[BlackElo "1858"]
[Result "1-0"]
[PlyCount "63"]
[EventDate "2014.12.26"]

1. d4 f5 2. g3 Nf6 3. Bg2 g6 4. Nf3 Bg7 5. O-O O-O 6. b3 d6 7. Bb2 Qe8 8. c4 a5
9. a3 c6 10. Nbd2 Na6 11. Qc2 Kh8 12. Rfd1 Rb8 13. Bc3 b6 14. Qb2 Ne4 15. Nxe4
fxe4 16. Nd2 d5 17. f3 exf3 18. Nxf3 Bf5 19. Ne5 Bxe5 20. dxe5 e6 21. cxd5 cxd5
22. b4 a4 23. Rd4 g5 24. e4 Bxe4 25. Bxe4 dxe4 26. Rxe4 Nc7 27. Rd1 Nd5 28.
Rxd5 exd5 29. e6+ Kg8 30. Re5 Qe7 31. Qd2 Qf6 32. Rxg5+ 1-0

[Event "XXV Weekend A"]
[Site "Robecchetto con Induno ITA"]
[Date "2014.12.28"]
[Round "4"]
[White "Recanatini, Italo"]
[Black "Maffeo, Mauro"]
[WhiteElo "1808"]
[BlackElo "1644"]
[Result "1-0"]
[PlyCount "135"]
[EventDate "2014.12.26"]

1. e4 e6 2. d4 d5 3. exd5 exd5 4. Nf3 Bg4 5. Be2 Bxf3 6. Bxf3 Qe7+ 7. Be3 Nf6
8. c4 Qb4+ 9. Nd2 dxc4 10. Qc2 c6 11. Qxc4 Qd6 12. Rc1 Be7 13. O-O O-O 14. a3
Nbd7 15. Qb3 Nb6 16. Rfd1 Nfd5 17. Bxd5 Qxd5 18. Qxd5 Nxd5 19. Nc4 Rad8 20. Bd2
Bf6 21. Be3 Rfe8 22. Re1 h6 23. b4 a6 24. Na5 Rd7 25. Nb3 Be7 26. f3 Bd6 27.
Bf2 Rde7 28. Rxe7 Rxe7 29. Re1 Rxe1+ 30. Bxe1 b6 31. Bd2 Bf4 32. Kf2 Bxd2 33.
Nxd2 f5 34. g3 Kf7 35. Nc4 Ke6 36. f4 b5 37. Na5 Kd6 38. Nb3 Nc7 39. Ke3 Kd5
40. Nc5 Kc4 41. Nd7 Nd5+ 42. Kd2 Kxd4 43. Nb8 Nb6 44. Nxc6+ Ke4 45. Ke2 g5 46.
fxg5 hxg5 47. Nb8 Nc4 48. Nxa6 Nxa3 49. Nc7 Nc2 50. Nxb5 Nxb4 51. Nd6+ Ke5 52.
Nc4+ Ke4 53. Nd2+ Ke5 54. h3 Nd5 55. Nc4+ Kf6 56. Kd3 f4 57. g4 f3 58. Ke4 Nf4
59. h4 Nh3 60. h5 f2 61. Nd2 Nf4 62. Kf3 Ke5 63. Kxf2 Nh3+ 64. Kf3 Nf4 65. Ne4
Nxh5 66. gxh5 Kf5 67. Ng3+ Kf6 68. Kg4 1-0

[Event "XXV Weekend A"]
[Site "Robecchetto con Induno ITA"]
[Date "2014.12.28"]
[Round "4"]
[White "Rossi, Emanuele"]
[Black "Mantovan, Giuseppe"]
[WhiteElo "1635"]
[BlackElo "1804"]
[Result "0-1"]
[PlyCount "134"]
[EventDate "2014.12.26"]

1. e4 e6 2. Nf3 d5 3. e5 c5 4. Bb5+ Bd7 5. Bxd7+ Nxd7 6. O-O Qc7 7. Re1 Rc8 8.
d3 Ne7 9. Bf4 Ng6 10. Bg3 Qb6 11. b3 Be7 12. Nbd2 O-O 13. c4 Qc6 14. Qe2 Bd8
15. d4 Bb6 16. cxd5 Qxd5 17. Nc4 cxd4 18. Red1 Rfd8 19. Nxb6 Nxb6 20. Nxd4 Qc5
21. Nf3 Nd5 22. h3 Qc2 23. Rd2 Qc7 24. Rad1 Rd7 25. Rxd5 Rxd5 26. Rxd5 exd5 27.
e6 Qe7 28. exf7+ Qxf7 29. Ng5 Qf5 30. Kh2 h6 31. Nf3 a6 32. Bd6 Qe4 33. Qd2 Rc6
34. Bg3 Rc2 35. Qa5 Rc8 36. Qb6 d4 37. Nxd4 Re8 38. f3 Qd3 39. Qd6 Kh7 40. Qc5
Qe3 41. Qd6 Qe7 42. Qd5 Rd8 43. Qc4 b5 44. Qd3 Qd7 45. Bf2 Qd6+ 46. g3 Kg8 47.
Qe3 Rf8 48. f4 Ne7 49. Nf3 Nf5 50. Qe4 Ne7 51. Ne5 Qd5 52. Qe1 Rd8 53. Ng4 Nc6
54. Qe2 h5 55. Ne3 Nd4 56. Nxd5 Nxe2 57. Nc7 Rd2 58. Kg2 Rxa2 59. Kf3 Nc1 60.
b4 Nd3 61. Bc5 Nxc5 62. bxc5 b4 63. Nd5 b3 64. Nb4 a5 65. Nd5 Rc2 66. c6 b2 67.
Ne7+ Kf7 0-1

[Event "XXV Weekend A"]
[Site "Robecchetto con Induno ITA"]
[Date "2014.12.28"]
[Round "4"]
[White "Sala, Gianni"]
[Black "Biancotti, Alessandro"]
[WhiteElo "1772"]
[BlackElo "1874"]
[Result "0-1"]
[PlyCount "100"]
[EventDate "2014.12.26"]

1. e4 c5 2. Nf3 d6 3. d4 cxd4 4. Nxd4 Nf6 5. Nc3 g6 6. Be2 Bg7 7. Be3 Nc6 8. h3
O-O 9. O-O Nxd4 10. Bxd4 Be6 11. Qd2 a6 12. a4 Rc8 13. a5 Bc4 14. Rfe1 Bxe2 15.
Rxe2 Re8 16. Na4 Nd7 17. Bxg7 Kxg7 18. Qd4+ Kg8 19. Nc3 Rc6 20. Nd5 Qc8 21. c3
Rc4 22. Qd2 Rc5 23. Qd4 Ne5 24. Nb6 Qe6 25. b4 Rc6 26. Rc1 Qf6 27. Qe3 Qe6 28.
f3 Nc4 29. Nxc4 Qxc4 30. Rec2 Rec8 31. Kf2 Qb5 32. Qe2 Qe5 33. Qd3 Qf6 34. c4
Qh4+ 35. Kg1 Qg5 36. Kf2 Qe5 37. Qc3 Qe6 38. Qd4 Qd7 39. Rc3 Qc7 40. g3 b6 41.
axb6 Qxb6 42. Qxb6 Rxb6 43. Ra3 Rxb4 44. Rxa6 Rbxc4 45. Rb1 Rc2+ 46. Ke3 R8c3+
47. Kf4 Rf2 48. Kg5 Kg7 49. Kg4 Rfxf3 50. Rg1 h5+ 0-1

[Event "XXV Weekend A"]
[Site "Robecchetto con Induno ITA"]
[Date "2014.12.28"]
[Round "4"]
[White "Turchi, Alessandro"]
[Black "Macchiettini, Pierangelo"]
[WhiteElo "1642"]
[BlackElo "1710"]
[Result "1-0"]
[PlyCount "93"]
[EventDate "2014.12.26"]

1. e4 c5 2. b3 d6 3. Bb2 Nf6 4. Nc3 e6 5. Nf3 Nbd7 6. d4 cxd4 7. Nxd4 a6 8. Bd3
Be7 9. O-O Qc7 10. Kh1 b5 11. f4 Bb7 12. Qe2 h6 13. Rad1 O-O-O 14. e5 Nd5 15.
Ncxb5 axb5 16. Nxb5 Qa5 17. c4 Nb4 18. exd6 Bh4 19. Rc1 Qa8 20. c5 Bxg2+ 21.
Kg1 Bc6 22. Nd4 Nxd3 23. Qxd3 Bf6 24. b4 Bxd4+ 25. Bxd4 Qa4 26. a3 Nb8 27. Rf2
Bb5 28. Qc3 Bc6 29. Rb2 Bb5 30. c6 Rxd6 31. c7 Nc6 32. Qc5 Rxd4 33. Qb6 Qa7 34.
Rxc6 Qxb6 35. Rxb6 Kxc7 36. Rxb5 Rc4 37. a4 Rd8 38. a5 Rb8 39. Rxb8 Kxb8 40. b5
Kb7 41. b6 Rc5 42. a6+ Kb8 43. b7 Ra5 44. Rb6 Ra2 45. Rc6 Rb2 46. Rc8+ Ka7 47.
Ra8+ 1-0

[Event "XXV Weekend A"]
[Site "Robecchetto con Induno ITA"]
[Date "2014.12.28"]
[Round "4"]
[White "Zito, Riccardo"]
[Black "Cerutti, Fabio Maria"]
[WhiteElo "1743"]
[BlackElo "1659"]
[Result "1-0"]
[PlyCount "121"]
[EventDate "2014.12.26"]

1. e4 c5 2. Nf3 d6 3. Bb5+ Bd7 4. Bxd7+ Qxd7 5. O-O Nc6 6. c3 Nf6 7. Qe2 e6 8.
d4 d5 9. e5 Ng8 10. Bf4 cxd4 11. cxd4 Nge7 12. Nc3 Nf5 13. Rfd1 Bb4 14. Rac1
O-O 15. a3 Ba5 16. g4 Nfe7 17. Bg3 Bb6 18. b4 a6 19. h4 Rac8 20. Kg2 Ba7 21.
Qd3 f5 22. exf6 Rxf6 23. Be5 Nxe5 24. Nxe5 Qd6 25. Ne2 Rxc1 26. Rxc1 Ng6 27.
Rc8+ Rf8 28. Rxf8+ Nxf8 29. Qc3 Qd8 30. Nf4 Bb8 31. h5 Bxe5 32. dxe5 Qg5 33.
Kg3 Qd8 34. Qc5 Kf7 35. Nd3 Nd7 36. Qd6 Qe7 37. Qc7 b6 38. a4 g6 39. hxg6+ Kxg6
40. f4 h5 41. g5 Qh7 42. Qd6 h4+ 43. Kh2 Kf5 44. Qc7 Kg4 45. Qc2 Kh5 46. Qe2+
Kg6 47. Nf2 Qf7 48. Qd3+ Kg7 49. Qe3 Qf5 50. a5 Qb1 51. Qc3 bxa5 52. Qc7 Qf1
53. Qxd7+ Kh8 54. Qe8+ Kg7 55. Qe7+ Kg8 56. Qxe6+ Kh8 57. Qe8+ Kg7 58. Qe7+ Kh8
59. Qf8+ Kh7 60. g6+ Kxg6 61. Qf6+ 1-0

[Event "XXV Weekend A"]
[Site "Robecchetto con Induno ITA"]
[Date "2014.12.29"]
[Round "5"]
[White "Bergero, Simone"]
[Black "Botta, Massimiliano"]
[WhiteElo "1745"]
[BlackElo "1786"]
[Result "0-1"]
[PlyCount "66"]
[EventDate "2014.12.26"]

1. d4 Nf6 2. Bg5 Ne4 3. Bh4 d5 4. f3 Nf6 5. Bxf6 gxf6 6. e4 c6 7. c4 e6 8. Nc3
dxe4 9. fxe4 e5 10. d5 f5 11. Qh5 Qf6 12. Nf3 Rg8 13. Bd3 Rxg2 14. exf5 e4 15.
Nxe4 Qxb2 16. Rb1 Qa3 17. Ne5 Nd7 18. Qxf7+ Kd8 19. Nxd7 Bb4+ 20. Kf1 Qxd3+ 21.
Kxg2 Qxe4+ 22. Kf2 Qf4+ 23. Kg2 Qd2+ 24. Kf3 Bxd7 25. Qg8+ Kc7 26. Qxa8 Qd3+
27. Kg4 Qxf5+ 28. Kg3 Qg4+ 29. Kf2 Bc5+ 30. Ke1 Qe4+ 31. Kd2 Qe3+ 32. Kd1 Qd3+
33. Kc1 Qc3+ 0-1

[Event "XXV Weekend A"]
[Site "Robecchetto con Induno ITA"]
[Date "2014.12.29"]
[Round "5"]
[White "Biancotti, Alessandro"]
[Black "Primerano, Carlo"]
[WhiteElo "1874"]
[BlackElo "1719"]
[Result "1-0"]
[PlyCount "87"]
[EventDate "2014.12.26"]

1. e4 d5 2. exd5 Qxd5 3. Nf3 Nf6 4. d4 c6 5. Be2 g6 6. O-O Bg7 7. c3 O-O 8. Bf4
Bg4 9. Nbd2 Nbd7 10. Re1 Rfe8 11. Nb3 Nb6 12. h3 Bf5 13. Nc5 Bc8 14. a4 a5 15.
Ne5 Qd8 16. Qb3 Nbd5 17. Bh2 Nd7 18. Nexd7 Bxd7 19. Qxb7 Nf6 20. Bf3 Qc8 21.
Qxc8 Raxc8 22. Nb3 e6 23. Nxa5 c5 24. dxc5 Rxc5 25. Nb7 Rf5 26. Nd6 Rxf3 27.
Nxe8 Rd3 28. Nxg7 Kxg7 29. a5 Nd5 30. Red1 Rxd1+ 31. Rxd1 Bb5 32. Be5+ f6 33.
Bd4 Nf4 34. Be3 Nd5 35. Rc1 Bc4 36. Ra1 Kf7 37. a6 Nc7 38. a7 Na8 39. Ra4 Bd5
40. c4 Bc6 41. Ra3 Ke8 42. b4 Nc7 43. b5 Bb7 44. c5 1-0

[Event "XXV Weekend A"]
[Site "Robecchetto con Induno ITA"]
[Date "2014.12.29"]
[Round "5"]
[White "Buzio, Alberto"]
[Black "D'Aulisa, Francesco"]
[WhiteElo "1835"]
[BlackElo "1767"]
[Result "1-0"]
[PlyCount "71"]
[EventDate "2014.12.26"]

1. e4 d6 2. d4 e6 3. f4 g6 4. Nf3 Ne7 5. Bd3 a6 6. O-O Nd7 7. Nc3 b6 8. Qe2 Bb7
9. f5 e5 10. Bg5 Bg7 11. d5 f6 12. Bd2 g5 13. Bxg5 Ng8 14. Be3 Qe7 15. b4 Qf7
16. Qd2 h5 17. Nh4 Nf8 18. Be2 Bh6 19. Rf3 Bxe3+ 20. Qxe3 Nh6 21. Rg3 Ng8 22.
a4 Ne7 23. Na2 Kd7 24. c4 Nh7 25. c5 Bxd5 26. Nc3 Bc6 27. cxb6 cxb6 28. Rd1 Kc7
29. Ng6 Nxg6 30. fxg6 Qg7 31. gxh7 Qxh7 32. b5 Bb7 33. bxa6 Bc6 34. Nb5+ Bxb5
35. Bxb5 Rab8 36. Qc3+ 1-0

[Event "XXV Weekend A"]
[Site "Robecchetto con Induno ITA"]
[Date "2014.12.29"]
[Round "5"]
[White "Caldarola, Stefano"]
[Black "Recanatini, Italo"]
[WhiteElo "1889"]
[BlackElo "1808"]
[Result "1-0"]
[PlyCount "101"]
[EventDate "2014.12.26"]

1. d4 Nf6 2. c4 c5 3. d5 d6 4. Nc3 Bf5 5. Nf3 e5 6. Nh4 Bg6 7. Nxg6 hxg6 8. e4
Be7 9. h4 Nbd7 10. g3 a6 11. a3 Nh5 12. Be2 Qc7 13. Bd2 Nb6 14. Kf1 Nf6 15. Kg2
O-O-O 16. Qc2 Rh7 17. Na2 Rdh8 18. Ba5 Bd8 19. b4 Qd7 20. Nc3 g5 21. hxg5 Rxh1
22. Rxh1 Rxh1 23. Kxh1 Qh3+ 24. Kg1 Ng4 25. Bxg4+ Qxg4 26. Bxb6 Bxb6 27. Na4
Bd8 28. bxc5 dxc5 29. Qd3 b6 30. Kg2 Kb7 31. Qf3 Qd7 32. Qb3 Qd6 33. Nc3 Bxg5
34. Qd1 Bd8 35. Qg4 g5 36. Qf5 f6 37. Qh7+ Qe7 38. Qxe7+ Bxe7 39. a4 Kc7 40.
Kf3 Kd6 41. Kg4 Bd8 42. Kf5 Ke7 43. Kg4 Kd6 44. Kf3 Bc7 45. Ke3 Ke7 46. Kd3 g4
47. Nd1 b5 48. cxb5 axb5 49. axb5 Ba5 50. Kc4 Bb6 51. Ne3 1-0

[Event "XXV Weekend A"]
[Site "Robecchetto con Induno ITA"]
[Date "2014.12.29"]
[Round "5"]
[White "Caldi, Mario"]
[Black "Mantovan, Giuseppe"]
[WhiteElo "1840"]
[BlackElo "1804"]
[Result "0-1"]
[PlyCount "151"]
[EventDate "2014.12.26"]

1. e4 e6 2. d4 d5 3. Nc3 Nf6 4. Bg5 Bb4 5. e5 h6 6. Bd2 Bxc3 7. bxc3 Ne4 8. Bd3
Nxd2 9. Qxd2 c5 10. Nf3 Nc6 11. h4 Bd7 12. Rb1 Qc7 13. O-O b6 14. Rfe1 c4 15.
Bf1 a6 16. Nh2 b5 17. Re3 Qd8 18. Rg3 Rh7 19. Ng4 Kf8 20. Qf4 Ne7 21. Ne3 Kg8
22. h5 Nf5 23. Rg4 Qa5 24. Be2 Qxc3 25. Rf1 Rf8 26. Bf3 Nxe3 27. fxe3 Qxc2 28.
e4 c3 29. Qf6 Qd2 30. Rd1 Qe3+ 31. Kh2 c2 32. Rf1 c1=Q 33. Rxc1 Qxc1 34. Qe7
Qc8 35. exd5 exd5 36. Rg3 Be6 37. Qf6 Qd8 38. Qf4 Qe7 39. Be2 Rc8 40. Bd3 b4
41. Bxa6 Rc3 42. Bd3 Kh8 43. Kg1 Qd8 44. Bxh7 Rxg3 45. Qxg3 Kxh7 46. Qd3+ Kg8
47. Qb5 Qe7 48. Kf1 Kh7 49. Qd3+ g6 50. Qf3 Qg5 51. hxg6+ Qxg6 52. Qb3 Qf5+ 53.
Kg1 Qg5 54. Qxb4 Qe3+ 55. Kh2 h5 56. a4 h4 57. a5 Qg3+ 58. Kh1 h3 59. Qd2 hxg2+
60. Qxg2 Qe1+ 61. Qg1 Qe4+ 62. Kh2 Qh4+ 63. Kg2 Bh3+ 64. Kf3 Qe4+ 65. Kg3 Qg4+
66. Kh2 Qxg1+ 67. Kxg1 Bc8 68. Kf2 Kg6 69. Ke3 Kf5 70. Kf3 Ke6 71. Ke3 Ba6 72.
Kd2 f5 73. exf6 Kxf6 74. Kc3 Kf5 75. Kb4 Ke4 76. Kc5 0-1

[Event "XXV Weekend A"]
[Site "Robecchetto con Induno ITA"]
[Date "2014.12.29"]
[Round "5"]
[White "Longo, Giovanni"]
[Black "Conta, Diego"]
[WhiteElo "1662"]
[BlackElo "1654"]
[Result "0-1"]
[PlyCount "88"]
[EventDate "2014.12.26"]

1. e4 e6 2. d4 d5 3. e5 c5 4. c3 Nc6 5. Nf3 Bd7 6. Bd3 cxd4 7. cxd4 Qb6 8. Bc2
Nb4 9. O-O Nxc2 10. Qxc2 Ne7 11. Rd1 Rc8 12. Nc3 Nc6 13. a3 Na5 14. b4 Qc7 15.
bxa5 Qxc3 16. Qb2 Qxb2 17. Bxb2 Rc2 18. Rab1 Be7 19. Rdc1 Rxc1+ 20. Bxc1 Bc6
21. a6 b6 22. Rb3 O-O 23. Bd2 Rc8 24. Kf1 Ba4 25. Rb2 Bxa3 26. Ra2 Bb5+ 27. Ke1
Be7 28. Rb2 Bc4 29. Bb4 Bxb4+ 30. Rxb4 h6 31. Nd2 Bxa6 32. Kd1 Bd3 33. Rb2 g5
34. Ra2 a5 35. Rb2 Rc6 36. Nb3 a4 37. Na1 b5 38. Kd2 Bc4 39. Nc2 Bb3 40. Kd3
Bxc2+ 41. Rxc2 Rxc2 42. Kxc2 b4 43. Kd2 h5 44. h3 f5 0-1

[Event "XXV Weekend A"]
[Site "Robecchetto con Induno ITA"]
[Date "2014.12.29"]
[Round "5"]
[White "Macchiettini, Pierangelo"]
[Black "Puricelli, Giancarlo"]
[WhiteElo "1710"]
[BlackElo "1698"]
[Result "1/2-1/2"]
[PlyCount "59"]
[EventDate "2014.12.26"]

1. d4 b6 2. c4 Bb7 3. Nc3 Nf6 4. Qc2 e6 5. a3 Nc6 6. Nf3 Na5 7. e4 d5 8. cxd5
exd5 9. e5 Ne4 10. Bd2 c5 11. Be3 cxd4 12. Bxd4 Rc8 13. Qd3 Nc4 14. Rb1 Nc5 15.
Qc2 Ne6 16. Bd3 Nxd4 17. Nxd4 Bc5 18. Qa4+ Qd7 19. Qxd7+ Kxd7 20. Bf5+ Kc7 21.
Bxc8 Bxd4 22. Bxb7 Nxb2 23. Nb5+ Kxb7 24. Nxd4 Nd3+ 25. Kd2 Nxe5 26. Rhe1 Nc4+
27. Kd3 Rd8 28. Re7+ Ka6 29. Nc6 Ra8 30. Rxf7 1/2-1/2

[Event "XXV Weekend A"]
[Site "Robecchetto con Induno ITA"]
[Date "2014.12.29"]
[Round "5"]
[White "Maffeo, Mauro"]
[Black "Brioschi, Camillo"]
[WhiteElo "1644"]
[BlackElo "1842"]
[Result "1/2-1/2"]
[PlyCount "95"]
[EventDate "2014.12.26"]

1. d4 d5 2. e3 e6 3. Bd3 c5 4. c3 Nf6 5. Nd2 cxd4 6. exd4 Nc6 7. f4 Bd6 8. Ndf3
Ne4 9. Ne2 f5 10. O-O O-O 11. Ne5 Be7 12. Be3 Nxe5 13. fxe5 g5 14. g3 Bd7 15.
Qb3 b5 16. Bxe4 fxe4 17. Rxf8+ Kxf8 18. Qd1 Kg7 19. g4 Qf8 20. Ng3 Qf7 21. Qe2
Rf8 22. Rf1 Qg6 23. Rxf8 Kxf8 24. Nh5 Qf7 25. Qf2 Qxf2+ 26. Kxf2 Be8 27. Ng3
Kg7 28. b4 h5 29. gxh5 Kh6 30. h4 Bxh5 31. hxg5+ Bxg5 32. Bxg5+ Kxg5 33. Ke3
Bf3 34. Nf1 Kg4 35. Nd2 Bd1 36. Nf1 Bc2 37. Kd2 Bb1 38. Ne3+ Kf4 39. Nxd5+ Kf3
40. Nc7 Kf2 41. Nd5 Bxa2 42. Ne3 Bb3 43. Ng4+ Kf3 44. Ne3 a6 45. Nf1 Kf2 46.
Ne3 Bc4 47. Nd1+ Kf3 48. Ne3 1/2-1/2

[Event "XXV Weekend A"]
[Site "Robecchetto con Induno ITA"]
[Date "2014.12.29"]
[Round "5"]
[White "Ongaro, Andrea"]
[Black "Sala, Gianni"]
[WhiteElo "1717"]
[BlackElo "1772"]
[Result "1/2-1/2"]
[PlyCount "75"]
[EventDate "2014.12.26"]

1. e4 e5 2. f4 exf4 3. Nf3 d6 4. d4 Be7 5. Bxf4 Nf6 6. Nc3 Nc6 7. Bc4 O-O 8.
O-O Bg4 9. h3 Bh5 10. a3 Bg6 11. e5 Ne4 12. Qe1 Nxc3 13. Qxc3 d5 14. Bd3 Qd7
15. Bxg6 hxg6 16. Qd3 Nd8 17. Bg5 Ne6 18. Bxe7 Qxe7 19. c3 c5 20. Qd2 Rac8 21.
Rae1 Rc7 22. dxc5 Qxc5+ 23. Kh1 Rd8 24. Nd4 Re8 25. Nf3 Rd7 26. Nd4 a6 27. Re2
Qe7 28. Ref2 Qc5 29. Re2 Qc7 30. Rfe1 Qd8 31. Rf1 Nc5 32. Qf4 Ne6 33. Qd2 Qh4
34. Nxe6 Rxe6 35. Qf4 Qxf4 36. Rxf4 Rde7 37. Rd4 Rxe5 38. Rdd2 1/2-1/2

[Event "XXV Weekend A"]
[Site "Robecchetto con Induno ITA"]
[Date "2014.12.29"]
[Round "5"]
[White "Paniga, Danilo"]
[Black "Rossi, Emanuele"]
[WhiteElo "1858"]
[BlackElo "1635"]
[Result "0-1"]
[PlyCount "102"]
[EventDate "2014.12.26"]

1. Nf3 d5 2. d4 Nf6 3. e3 e6 4. Bd3 Nc6 5. c3 Bd6 6. Nbd2 e5 7. Nxe5 Bxe5 8.
dxe5 Nxe5 9. Bc2 O-O 10. O-O b6 11. Bb3 Ba6 12. Nf3 Nxf3+ 13. gxf3 Bxf1 14.
Qxf1 c5 15. Bc2 Rc8 16. b3 d4 17. c4 Qd6 18. e4 Rfe8 19. Bg5 Nd7 20. Kh1 h6 21.
Bh4 g5 22. Bg3 Qf6 23. Kg2 h5 24. h3 Ne5 25. Bxe5 Qxe5 26. Bd3 Re6 27. Qh1 Qf4
28. Qc1 Qh4 29. Qd2 Rcc6 30. Rh1 Rf6 31. Rh2 Rf4 32. Qe2 Rcf6 33. e5 Re6 34.
Be4 Kf8 35. Bd5 Re7 36. Rh1 Rf5 37. Qd3 Rexe5 38. Re1 Qf4 39. Re4 Rxe4 40. Qxe4
Qxe4 41. Bxe4 Re5 42. Kf1 f5 43. Bd3 Ke7 44. Be2 f4 45. Bd3 Kd6 46. Be4 b5 47.
Bb7 Re7 48. Bd5 a5 49. a4 Re5 50. Be4 Rxe4 51. fxe4 f3 0-1

[Event "XXV Weekend A"]
[Site "Robecchetto con Induno ITA"]
[Date "2014.12.29"]
[Round "5"]
[White "Pedoni, Lorenzo"]
[Black "Cerutti, Fabio Maria"]
[WhiteElo "1827"]
[BlackElo "1659"]
[Result "1/2-1/2"]
[PlyCount "41"]
[EventDate "2014.12.26"]

1. c4 c5 2. Nc3 Nc6 3. g3 g6 4. Bg2 Bg7 5. Nf3 e5 6. d3 d6 7. O-O Nge7 8. Bg5
O-O 9. Qc1 Be6 10. Bh6 f6 11. Bxg7 Kxg7 12. Ne1 b6 13. Nd5 Nd4 14. Qd2 Nxd5 15.
cxd5 Bd7 16. e3 Nf5 17. Nc2 b5 18. Rac1 a5 19. d4 exd4 20. exd4 c4 21. Rfe1
1/2-1/2

[Event "XXV Weekend A"]
[Site "Robecchetto con Induno ITA"]
[Date "2014.12.29"]
[Round "5"]
[White "Raselli, Claudio"]
[Black "Burani, Eugenio"]
[WhiteElo "1836"]
[BlackElo "1837"]
[Result "1-0"]
[PlyCount "65"]
[EventDate "2014.12.26"]

1. c4 Nf6 2. Nf3 c5 3. g3 g6 4. Bg2 Bg7 5. Nc3 Nc6 6. O-O O-O 7. d4 cxd4 8.
Nxd4 Nxd4 9. Qxd4 d6 10. Qd3 Rb8 11. b3 Bd7 12. Bb2 Ng4 13. h3 Ne5 14. Qd2 Qc8
15. Nd5 Re8 16. f4 Nc6 17. Bxg7 Kxg7 18. Qc3+ Kg8 19. g4 Be6 20. e4 h6 21. e5
dxe5 22. fxe5 Nd8 23. Qe3 Nc6 24. Nf4 g5 25. Nxe6 Qxe6 26. Bd5 Qxe5 27. Bxf7+
Kg7 28. Qxe5+ Nxe5 29. Bxe8 Rxe8 30. Rad1 Ng6 31. Rd7 Rb8 32. Rf5 b6 33. Rxa7
1-0

[Event "XXV Weekend A"]
[Site "Robecchetto con Induno ITA"]
[Date "2014.12.29"]
[Round "5"]
[White "Saccani, Ettore"]
[Black "Palminteri, Vincenzo"]
[WhiteElo "1690"]
[BlackElo "1776"]
[Result "0-1"]
[PlyCount "48"]
[EventDate "2014.12.26"]

1. e4 Nf6 2. e5 Nd5 3. Nf3 d6 4. d4 Bg4 5. Be2 e6 6. O-O Be7 7. c4 Nb6 8. exd6
cxd6 9. b3 O-O 10. Nc3 Nc6 11. h3 Bf5 12. Re1 Nb4 13. Bb2 Nc2 14. Bd3 Bxd3 15.
Qxd3 Nxa1 16. Bxa1 d5 17. c5 Nd7 18. b4 Re8 19. a4 Rc8 20. Bb2 b6 21. Rc1 bxc5
22. dxc5 a5 23. Qd4 Bf6 24. Qf4 axb4 0-1

[Event "XXV Weekend A"]
[Site "Robecchetto con Induno ITA"]
[Date "2014.12.29"]
[Round "5"]
[White "Schingaro, Angelo"]
[Black "Cervini, Gian Piero"]
[WhiteElo "1736"]
[BlackElo "1782"]
[Result "0-1"]
[PlyCount "94"]
[EventDate "2014.12.26"]

1. e4 g6 2. d4 Bg7 3. Nc3 d6 4. Be2 Nf6 5. h4 c5 6. h5 cxd4 7. h6 Bf8 8. Qxd4
Nc6 9. Bb5 Bd7 10. Bxc6 bxc6 11. Bg5 Qb6 12. Qxb6 axb6 13. Nge2 Ng4 14. f3 Ne5
15. b3 f6 16. Bd2 g5 17. Na4 Ra6 18. Be3 c5 19. Nac3 Nf7 20. Nd5 Kd8 21. f4
Bxh6 22. Rxh6 Nxh6 23. fxg5 Ng4 24. gxf6 Nxe3 25. fxe7+ Ke8 26. Nxe3 Kxe7 27.
Nd5+ Kf7 28. Kd2 Bc6 29. Rf1+ Kg7 30. Nc7 Rxa2 31. Ne6+ Kg6 32. Ng3 Re8 33.
Nf8+ Kg7 34. Nh5+ Kh6 35. g4 Bxe4 36. Rf6+ Kg5 37. Ne6+ Kh4 38. Ke3 Bg6 39.
Nhg7 Re7 40. Kf4 Kh3 41. Nf5 Bxf5 42. gxf5 Rxc2 43. Rh6+ Kg2 44. Ng5 Rf2+ 45.
Kg4 Rg7 46. Rxd6 h5+ 47. Kxh5 Rxf5 0-1

[Event "XXV Weekend A"]
[Site "Robecchetto con Induno ITA"]
[Date "2014.12.29"]
[Round "5"]
[White "Zanin, Fabio"]
[Black "Moroni, Luca"]
[WhiteElo "1651"]
[BlackElo "1868"]
[Result "1/2-1/2"]
[PlyCount "102"]
[EventDate "2014.12.26"]

1. e4 c5 2. Nf3 d6 3. d4 cxd4 4. Nxd4 Nf6 5. Nc3 g6 6. f3 Bg7 7. Be3 O-O 8. Qd2
Bd7 9. Bh6 Nc6 10. Bxg7 Kxg7 11. O-O-O Nxd4 12. Qxd4 Be6 13. g4 Kg8 14. h4 Qa5
15. Bc4 Bxc4 16. Qxc4 Rfc8 17. Qb3 Qc5 18. Nd5 Nxd5 19. Rxd5 Qc4 20. h5 Qxb3
21. axb3 Rc7 22. hxg6 fxg6 23. f4 Rac8 24. c3 Rc5 25. Rd2 Kg7 26. Kc2 Rf8 27.
f5 Re5 28. Rd4 gxf5 29. gxf5 Rf6 30. Rg1+ Kf7 31. Rh1 h6 32. Kd3 Ke8 33. Rb4 b6
34. c4 e6 35. fxe6 Rfxe6 36. Rh4 Kf7 37. Ra4 a5 38. Ra1 Kg6 39. Rah1 h5 40. Kd4
Rf6 41. Ke3 Rg5 42. R4h3 Kh6 43. Rf3 Re6 44. Rf8 Kg7 45. Rb8 d5 46. cxd5 Rxd5
47. Rxb6 Rxb6 48. exd5 Rxb3+ 49. Kd4 Kg6 50. Rh2 Kg5 51. d6 Kf6 1/2-1/2